[Event "Belgrade-chT"]
[Site "Belgrade"]
[Date "2012.10.10"]
[Round "9.1"]
[White "Stevanovic, Vladan S"]
[Black "Lukovic, Vladimir"]
[Result "1/2-1/2"]
[WhiteElo "2274"]
[BlackElo "2337"]
[PlyCount "32"]
[EventDate "2012.10.01"]
[EventType "team-tourn"]
[EventRounds "11"]
[EventCountry "SRB"]
[SourceTitle "CBM 150 Extra"]
[Source "ChessBase"]
[SourceDate "2012.10.19"]
[SourceVersion "1"]
[SourceVersionDate "2012.10.19"]
[SourceQuality "1"]
[WhiteTeam "Belgrade PTT"]
[BlackTeam "Belgrade Delfin"]
[WhiteTeamCountry "SRB"]
[BlackTeamCountry "SRB"]

1. Nf3 Nf6 2. b3 d5 3. Bb2 g6 4. c4 c6 5. g3 Bg7 6. Bg2 0-0 7. 0-0 Nbd7 8. Qc2 Re8 9. cxd5 cxd5 10. Nc3 a6 11. d4 b5 12. Rfc1 Bb7 13. a4 b4 14. Na2 a5 15. Qc7 Ba6 16. e3 Rc8 1/2-1/2

[Event "Belgrade-chT"]
[Site "Belgrade"]
[Date "2012.10.09"]
[Round "8.4"]
[White "Vucinic, Gojko"]
[Black "Stevanovic, Vladan S"]
[Result "1/2-1/2"]
[WhiteElo "2208"]
[BlackElo "2274"]
[PlyCount "47"]
[EventDate "2012.10.01"]
[EventType "team-tourn"]
[EventRounds "11"]
[EventCountry "SRB"]
[SourceTitle "CBM 150 Extra"]
[Source "ChessBase"]
[SourceDate "2012.10.19"]
[SourceVersion "1"]
[SourceVersionDate "2012.10.19"]
[SourceQuality "1"]
[WhiteTeam "Belgrade Sigurnost"]
[BlackTeam "Belgrade PTT"]
[WhiteTeamCountry "SRB"]
[BlackTeamCountry "SRB"]

1. e4 e6 2. d4 d5 3. Nc3 Bb4 4. e5 c5 5. a3 Bxc3+ 6. bxc3 Ne7 7. Qg4 Kf8 8. Bd3 Qa5 9. Bd2 Qa4 10. Ra2 b6 11. Nf3 Ba6 12. Ng5 Bxd3 13. cxd3 Nbc6 14. Qf4 Nd8 15. dxc5 Qxf4 16. Bxf4 bxc5 17. Be3 Rc8 18. 0-0 f6 19. Nf3 Nf7 20. d4 cxd4 21. Bxd4 fxe5 22. Nxe5 Nxe5 23. Bxe5 Nc6 24. Bg3 1/2-1/2

[Event "Belgrade-chT"]
[Site "Belgrade"]
[Date "2012.10.07"]
[Round "6.3"]
[White "Djerfi, Karolj"]
[Black "Stevanovic, Vladan S"]
[Result "0-1"]
[WhiteElo "2353"]
[BlackElo "2274"]
[PlyCount "118"]
[EventDate "2012.10.01"]
[EventType "team-tourn"]
[EventRounds "11"]
[EventCountry "SRB"]
[SourceTitle "CBM 150 Extra"]
[Source "ChessBase"]
[SourceDate "2012.10.19"]
[SourceVersion "1"]
[SourceVersionDate "2012.10.19"]
[SourceQuality "1"]
[WhiteTeam "Belgrade Post Stedionica"]
[BlackTeam "Belgrade PTT"]
[WhiteTeamCountry "SRB"]
[BlackTeamCountry "SRB"]

1. d4 d5 2. Nf3 Nf6 3. e3 e6 4. Bd3 c5 5. c3 Nc6 6. 0-0 Bd6 7. Nbd2 0-0 8. dxc5 Bxc5 9. b4 Bd6 10. a3 e5 11. e4 Bc7 12. Qc2 h6 13. Bb2 Bg4 14. exd5 Nxd5 15. h3 Bh5 16. Rfe1 Nf4 17. Be4 Qd7 18. Nb3 f5 19. Nc5 Qd6 20. Bxc6 Qxc6 21. Qb3+ Kh7 22. c4 e4 23. Ne5 Bxe5 24. Bxe5 Ng6 25. Bb2 b6 26. Na6 Rf7 27. b5 Qe6 28. Qc2 Nh4 29. Re3 Bg6 30. Rae1 Rc8 31. c5 bxc5 32. f4 Bh5 33. Qf2 Ng6 34. Rc1 Qd6 35. g3 Bf3 36. Rec3 c4 37. a4 Rd7 38. R3c2 Qe7 39. Bc3 Rcd8 40. Nb4 Rd1+ 41. Kh2 R8d7 42. a5 Qd6 43. Qe3 h5 44. h4 Ne7 45. Rxd1 Qxd1 46. Rc1 Qa4 47. Qc5 Qa3 48. Qe3 Nd5 49. Nxd5 Rxd5 50. Rc2 Rd1 51. g4 fxg4 52. Qxa7 Qf8 53. Be5 Rh1+ 54. Kg3 Rh3+ 55. Kf2 Rh2+ 56. Ke3 Rxc2 57. f5 g3 58. Kf4 g2 59. a6 Rc1 0-1

[Event "Belgrade-chT Quality"]
[Site "Belgrade"]
[Date "2009.11.02"]
[Round "10"]
[White "Stevanovic, Vladan S"]
[Black "Milekic, Daniel"]
[Result "1/2-1/2"]
[WhiteElo "2311"]
[BlackElo "2158"]
[PlyCount "31"]
[EventDate "2009.10.11"]
[EventType "team-tourn"]
[EventRounds "11"]
[EventCountry "YUG"]
[SourceTitle "CBM 133 Extra"]
[Source "ChessBase"]
[SourceDate "2010.01.05"]
[SourceVersion "1"]
[SourceVersionDate "2010.01.05"]
[SourceQuality "1"]

1. d4 Nf6 2. c4 e6 3. Nf3 d5 4. Nc3 c6 5. cxd5 exd5 6. Bg5 Be7 7. Qc2 0-0 8. e3 Nbd7 9. Bd3 Re8 10. 0-0 Nf8 11. h3 Be6 12. Rab1 a5 13. a3 Ng6 14. b4 axb4 15. axb4 Nd7 16. Bxe7 1/2-1/2

[Event "Belgrade-chT Quality"]
[Site "Belgrade"]
[Date "2009.10.29"]
[Round "7"]
[White "Stevanovic, Vladan S"]
[Black "Zivkovic, Dejan"]
[Result "1/2-1/2"]
[WhiteElo "2311"]
[BlackElo "2231"]
[PlyCount "30"]
[EventDate "2009.10.11"]
[EventType "team-tourn"]
[EventRounds "11"]
[EventCountry "YUG"]
[SourceTitle "CBM 133 Extra"]
[Source "ChessBase"]
[SourceDate "2010.01.05"]
[SourceVersion "1"]
[SourceVersionDate "2010.01.05"]
[SourceQuality "1"]

1. d4 Nf6 2. c4 g6 3. Nc3 d5 4. cxd5 Nxd5 5. e4 Nxc3 6. bxc3 Bg7 7. Bc4 0-0 8. Ne2 c5 9. 0-0 cxd4 10. cxd4 Nc6 11. Be3 Bg4 12. f3 Na5 13. Bd3 Bd7 14. Qd2 Rc8 15. Rfc1 b6 1/2-1/2

[Event "Belgrade-chT Quality"]
[Site "Belgrade"]
[Date "2009.10.25"]
[Round "5"]
[White "Stevanovic, Vladan S"]
[Black "Jokic, Miodrag"]
[Result "1/2-1/2"]
[WhiteElo "2311"]
[BlackElo "2138"]
[PlyCount "48"]
[EventDate "2009.10.11"]
[EventType "team-tourn"]
[EventRounds "11"]
[EventCountry "YUG"]
[SourceTitle "CBM 133 Extra"]
[Source "ChessBase"]
[SourceDate "2010.01.05"]
[SourceVersion "1"]
[SourceVersionDate "2010.01.05"]
[SourceQuality "1"]

1. Nf3 d5 2. d4 Nf6 3. Bf4 e6 4. e3 c5 5. Nbd2 Nc6 6. c3 Be7 7. Bd3 0-0 8. Ne5 Nd7 9. Qh5 f5 10. Ndf3 Nf6 11. Qh3 Nxe5 12. Nxe5 c4 13. Bc2 Qb6 14. Rb1 Qa5 15. a3 Bxa3 16. bxa3 Qxc3+ 17. Kd1 Qxa3 18. f3 b5 19. g4 b4 20. g5 b3 21. gxf6 bxc2+ 22. Kxc2 Qa4+ 23. Kc1 Qa3+ 24. Kc2 Qa4+ 1/2-1/2

[Event "Belgrade-chT Quality"]
[Site "Belgrade"]
[Date "2009.10.24"]
[Round "4"]
[White "Popovic, Djordje D"]
[Black "Stevanovic, Vladan S"]
[Result "1/2-1/2"]
[WhiteElo "2308"]
[BlackElo "2311"]
[PlyCount "57"]
[EventDate "2009.10.11"]
[EventType "team-tourn"]
[EventRounds "11"]
[EventCountry "YUG"]
[SourceTitle "CBM 133 Extra"]
[Source "ChessBase"]
[SourceDate "2010.01.05"]
[SourceVersion "1"]
[SourceVersionDate "2010.01.05"]
[SourceQuality "1"]

1. d4 d5 2. c4 e6 3. Nc3 Nf6 4. Nf3 c6 5. e3 Be7 6. Bd3 Nbd7 7. 0-0 dxc4 8. Bxc4 b5 9. Bd3 Bb7 10. Qe2 a6 11. Rd1 c5 12. dxc5 Bxc5 13. a3 0-0 14. b4 Be7 15. Bb2 Qb6 16. Rac1 Rac8 17. Bb1 Bxf3 18. gxf3 Ne5 19. Ne4 Nxe4 20. Bxe5 Bf6 21. Qd3 Ng5 22. Bxf6 gxf6 23. Rxc8 Rxc8 24. f4 Nf3+ 25. Kh1 f5 26. Qe2 Qc6 27. e4 Nh4 28. f3 fxe4 29. fxe4 1/2-1/2

[Event "Belgrade-chT Quality"]
[Site "Belgrade"]
[Date "2009.10.17"]
[Round "2"]
[White "Keserovic, Milan"]
[Black "Stevanovic, Vladan S"]
[Result "0-1"]
[WhiteElo "2213"]
[BlackElo "2311"]
[PlyCount "108"]
[EventDate "2009.10.11"]
[EventType "team-tourn"]
[EventRounds "11"]
[EventCountry "YUG"]
[SourceTitle "CBM 133 Extra"]
[Source "ChessBase"]
[SourceDate "2010.01.05"]
[SourceVersion "1"]
[SourceVersionDate "2010.01.05"]
[SourceQuality "1"]

1. e4 e6 2. d4 d5 3. Nd2 a6 4. Ngf3 c5 5. exd5 exd5 6. Bd3 c4 7. Be2 Nc6 8. 0-0 Bd6 9. b3 b5 10. c3 Nf6 11. a4 Bf5 12. Re1 0-0 13. Ba3 Bxa3 14. Rxa3 b4 15. cxb4 c3 16. Nf1 Nxb4 17. Ne3 Be4 18. a5 Qd6 19. Ra4 Rfc8 20. Ne5 h6 21. Qa1 Nc2 22. Nxc2 Bxc2 23. Nd3 Rab8 24. Nc5 Bxb3 25. Ra3 Rxc5 26. dxc5 Qxc5 27. Bxa6 Ne4 28. Rf1 Nd2 29. Rc1 Ne4 30. Rf1 c2 31. Qc1 Bc4 32. Bxc4 Qxc4 33. a6 Nc3 34. a7 Ne2+ 35. Kh1 Ra8 36. Qa1 c1Q 37. Rxc1 Qxc1+ 38. Qxc1 Nxc1 39. g3 d4 40. Ra1 Nd3 41. Ra4 Nc5 42. Ra5 Ne6 43. Kg2 Kf8 44. Kf3 Ke7 45. Ke4 Kd6 46. f4 Nd8 47. Rd5+ Kc7 48. Ra5 Nc6 49. Ra1 Rxa7 50. Rxa7+ Nxa7 51. Kxd4 Kd6 52. Ke4 Nc6 53. g4 g6 54. f5 g5 0-1

[Event "SCG-chT 4th"]
[Site "Vrnjacka Banja"]
[Date "2006.05.06"]
[Round "6"]
[White "Stevanovic, Vladan S"]
[Black "Bodiroga, Predrag"]
[Result "1-0"]
[WhiteElo "2345"]
[BlackElo "2423"]
[PlyCount "87"]
[EventDate "2006.05.01"]
[EventType "team-tourn"]
[EventRounds "7"]
[EventCountry "YUG"]
[SourceTitle "CBM 112 Extra"]
[Source "ChessBase"]
[SourceDate "2006.07.14"]
[SourceVersion "1"]
[SourceVersionDate "2006.07.14"]
[SourceQuality "1"]

1. Nf3 g6 2. d4 Bg7 3. e3 d6 4. b3 f5 5. Bb2 Nf6 6. Nbd2 0-0 7. a4 Qe8 8. Nc4 Nc6 9. Be2 Bd7 10. 0-0 Rd8 11. Qe1 h6 12. b4 Nb8 13. b5 b6 14. Nfd2 Kh7 15. f4 Nd5 16. Bf3 Qf7 17. g3 Be6 18. Na3 a5 19. e4 fxe4 20. Qxe4 Nf6 21. Qe2 Bd5 22. c4 Bxf3 23. Nxf3 e6 24. c5 bxc5 25. dxc5 Nbd7 26. cxd6 cxd6 27. Nc4 Nc5 28. Nd4 Nfe4 29. Nc6 Ra8 30. N4xa5 Nc3 31. Qc2 Qf5 32. Qxf5 exf5 33. Rae1 N5xa4 34. Bxc3 Bxc3 35. Re7+ Kg8 36. Nc4 d5 37. N4e5 Bxe5 38. Nxe5 Rfb8 39. Rc1 Rc8 40. Rc6 Rxc6 41. bxc6 Rc8 42. c7 d4 43. Rd7 Nb6 44. Rd6 1-0

[Event "Serbia-chT2"]
[Site "Belgrade"]
[Date "2003.10.05"]
[Round "9"]
[White "Stevanovic, Vladan S"]
[Black "Dimitrijevic, Aleksandra"]
[Result "1/2-1/2"]
[WhiteElo "2276"]
[BlackElo "2383"]
[PlyCount "29"]
[EventDate "2003.09.27"]
[EventType "team-tourn"]
[EventRounds "9"]
[EventCountry "YUG"]
[SourceTitle "CBM 096 Extra"]
[Source "ChessBase"]
[SourceDate "2003.10.22"]
[SourceVersion "2"]
[SourceVersionDate "2003.10.20"]
[SourceQuality "1"]

1. e4 Nf6 2. Nc3 d5 3. e5 d4 4. exf6 dxc3 5. fxg7 cxd2+ 6. Qxd2 Qxd2+ 7. Bxd2 Bxg7 8. 0-0-0 Be6 9. Ne2 Bg4 10. f3 Bd7 11. Bc3 Bxc3 12. Nxc3 Nc6 13. Bc4 e6 14. Ne4 Ne5 15. Nf6+ 1/2-1/2

[Event "Lisbon Summer op"]
[Site "Lisbon"]
[Date "2000.08.30"]
[Round "10.11"]
[White "Stevanovic, Vladan S"]
[Black "Horvath, Csaba"]
[Result "0-1"]
[WhiteElo "2266"]
[BlackElo "2513"]
[PlyCount "74"]
[EventDate "2000.08.21"]
[EventType "swiss"]
[EventRounds "10"]
[EventCountry "POR"]
[SourceTitle "EXT 2001"]
[Source "ChessBase"]
[SourceDate "2000.11.22"]
[SourceVersion "1"]
[SourceVersionDate "2000.11.22"]
[SourceQuality "1"]

1. e4 Nf6 2. e5 Nd5 3. d4 d6 4. Nf3 dxe5 5. Nxe5 g6 6. Bc4 c6 7. 0-0 Bg7 8. Re1 0-0 9. c3 Be6 10. Nd2 Nd7 11. Nef3 Bg4 12. h3 Bxf3 13. Qxf3 e6 14. Ne4 b5 15. Bf1 Qb6 16. Bg5 h6 17. Bd2 Rad8 18. Rad1 e5 19. Bc1 f5 20. Ng3 Kh7 21. dxe5 Nxe5 22. Qe2 f4 23. Ne4 f3 24. Qc2 fxg2 25. Bxg2 Rf5 26. Be3 Qc7 27. Qe2 Rdf8 28. Bd4 Nf4 29. Qe3 Nxg2 30. Kxg2 Nf3 31. Rh1 Bxd4 32. cxd4 Nh4+ 33. Kf1 Rf3 34. Qe2 Qf4 35. Re1 Qf5 36. Rd1 Rf4 37. Re1 Rxe4 0-1

[Event "Lisbon Summer op"]
[Site "Lisbon"]
[Date "2000.08.22"]
[Round "2"]
[White "Stevanovic, Vladan S"]
[Black "Ftacnik, Lubomir"]
[Result "1/2-1/2"]
[WhiteElo "2266"]
[BlackElo "2608"]
[PlyCount "83"]
[EventDate "2000.08.21"]
[EventType "swiss"]
[EventRounds "10"]
[EventCountry "POR"]
[SourceTitle "EXT 2001"]
[Source "ChessBase"]
[SourceDate "2000.11.22"]
[SourceVersion "1"]
[SourceVersionDate "2000.11.22"]
[SourceQuality "1"]

1. e4 d6 2. d4 Nf6 3. Nc3 g6 4. g3 Bg7 5. Bg2 0-0 6. Nge2 Nbd7 7. h3 Rb8 8. Be3 b6 9. d5 Bb7 10. 0-0 c5 11. Qd2 Bc8 12. Bh6 b5 13. Bxg7 Kxg7 14. Kh2 Nb6 15. Rae1 b4 16. Nd1 e5 17. dxe6 fxe6 18. f4 d5 19. exd5 exd5 20. Nc1 Ba6 21. Rg1 Ne4 22. Bxe4 dxe4 23. Qf2 Re8 24. Ne3 Qd4 25. Nb3 Qxb2 26. Nxc5 Bc8 27. Ng4 Bf5 28. Ne5 Rbc8 29. g4 e3 30. Qxe3 Qxc2+ 31. Rg2 Qxc5 32. gxf5 Qxe3 33. Rxe3 Nd5 34. Re4 Kf6 35. fxg6 hxg6 36. Rd4 Nxf4 37. Rxf4+ Kxe5 38. Rxb4 Re6 39. Ra4 Rc7 40. a3 Kf6 41. Rag4 Kg7 42. Ra4 1/2-1/2

[Event "EU-chT Railways USIC"]
[Site "Dresden"]
[Date "2000.06.24"]
[Round "7.1"]
[White "Stevanovic, Vladan S"]
[Black "Hafner, Robert"]
[Result "1-0"]
[WhiteElo "2294"]
[BlackElo "2106"]
[PlyCount "55"]
[EventDate "2000.06.19"]
[EventType "team-swiss"]
[EventRounds "7"]
[EventCountry "GER"]
[SourceTitle "EXT 2002"]
[Source "ChessBase"]
[SourceDate "2001.11.25"]
[SourceVersion "1"]
[SourceVersionDate "2001.11.25"]
[SourceQuality "1"]
[WhiteTeam "Yugoslavia (USIC)"]
[BlackTeam "Austria (USIC)"]
[WhiteTeamCountry "YUG"]
[BlackTeamCountry "AUT"]

1. e4 c6 2. d4 d5 3. exd5 cxd5 4. c4 Nf6 5. Nc3 e6 6. Nf3 Be7 7. cxd5 Nxd5 8. Bc4 0-0 9. 0-0 Nc6 10. Re1 Nf6 11. a3 b6 12. Ba2 Bb7 13. Bg5 Rc8 14. Qd3 Re8 15. Rad1 Qc7 16. d5 exd5 17. Nxd5 Nxd5 18. Qxd5 Bxg5 19. Qxg5 Rcd8 20. Nh4 Rxe1+ 21. Rxe1 Qe7 22. Nf3 Qd7 23. Qf4 h6 24. h3 Rf8 25. b4 Nd8 26. Ne5 Qe7 27. Qe3 Ne6 28. Nxf7 1-0

[Event "EU-chT Railways USIC"]
[Site "Dresden"]
[Date "2000.06.23"]
[Round "6.1"]
[White "Kallai, Gabor"]
[Black "Stevanovic, Vladan S"]
[Result "1-0"]
[WhiteElo "2489"]
[BlackElo "2294"]
[PlyCount "59"]
[EventDate "2000.06.19"]
[EventType "team-swiss"]
[EventRounds "7"]
[EventCountry "GER"]
[SourceTitle "EXT 2002"]
[Source "ChessBase"]
[SourceDate "2001.11.25"]
[SourceVersion "1"]
[SourceVersionDate "2001.11.25"]
[SourceQuality "1"]
[WhiteTeam "Hungary (USIC)"]
[BlackTeam "Yugoslavia (USIC)"]
[WhiteTeamCountry "HUN"]
[BlackTeamCountry "YUG"]

1. d4 Nf6 2. c4 g6 3. Nc3 Bg7 4. e4 d6 5. Be2 0-0 6. Bg5 c5 7. d5 b5 8. cxb5 a6 9. a4 h6 10. Bxf6 Bxf6 11. Nf3 Qa5 12. 0-0 Qb4 13. e5 Bg7 14. exd6 exd6 15. Qd2 Bg4 16. Rfe1 Bxf3 17. Bxf3 axb5 18. axb5 Nd7 19. Ra6 Ne5 20. Be2 c4 21. Rea1 Rab8 22. R1a4 Qc5 23. Qe3 Nd3 24. Bxd3 Bd4 25. Qf4 Bxc3 26. Rxc4 Be5 27. Rxc5 Bxf4 28. Rc7 Be5 29. b6 Bd4 30. b7 1-0

[Event "EU-chT Railways USIC"]
[Site "Dresden"]
[Date "2000.06.22"]
[Round "4.1"]
[White "Daels, Marc"]
[Black "Stevanovic, Vladan S"]
[Result "1/2-1/2"]
[WhiteElo "2207"]
[BlackElo "2294"]
[PlyCount "29"]
[EventDate "2000.06.19"]
[EventType "team-swiss"]
[EventRounds "7"]
[EventCountry "GER"]
[SourceTitle "EXT 2002"]
[Source "ChessBase"]
[SourceDate "2001.11.25"]
[SourceVersion "1"]
[SourceVersionDate "2001.11.25"]
[SourceQuality "1"]
[WhiteTeam "Belgium (USIC)"]
[BlackTeam "Yugoslavia (USIC)"]
[WhiteTeamCountry "BEL"]
[BlackTeamCountry "YUG"]

1. e4 e6 2. d4 d5 3. Nc3 Bb4 4. e5 c5 5. Bd2 Ne7 6. dxc5 Nbc6 7. Qg4 Qc7 8. Nf3 0-0 9. Bd3 Ng6 10. Bxg6 fxg6 11. 0-0 Bxc5 12. Rae1 Rf5 13. Na4 Be7 14. c4 dxc4 15. Qxc4 1/2-1/2

[Event "Budapest Spring op 13th"]
[Site "Budapest"]
[Date "1997.??.??"]
[Round "9"]
[White "Bodrogi, Mihaly"]
[Black "Stevanovic, Vladan S"]
[Result "0-1"]
[WhiteElo "2195"]
[BlackElo "2275"]
[PlyCount "64"]
[EventDate "1997.03.??"]
[EventType "swiss"]
[EventRounds "9"]
[EventCountry "HUN"]
[SourceTitle "EXT 1998"]
[Source "ChessBase"]
[SourceDate "1997.11.17"]
[SourceVersion "1"]
[SourceVersionDate "1997.11.17"]
[SourceQuality "1"]

1. e4 e6 2. d4 d5 3. Nd2 c5 4. dxc5 Bxc5 5. Nb3 Bd6 6. Qg4 Nf6 7. Qxg7 Rg8 8. Qh6 Rg6 9. Qe3 Nxe4 10. Bd3 f5 11. g3 Qb6 12. Qe2 Nc6 13. f3 Bxg3+ 14. Kf1 Qf2+ 15. Qxf2 Nxf2 16. hxg3 Nxh1 17. g4 h5 18. Kg2 hxg4 19. Kxh1 gxf3 20. Nxf3 Bd7 21. Nc5 0-0-0 22. Bf4 e5 23. Nxd7 Rh8+ 24. Nh2 exf4 25. Bxf5 Rg5 26. Be6 Nd4 27. Ne5+ Nxe6 28. Nf7 Rh3 29. Nxg5 Nxg5 30. Rf1 f3 31. Rd1 Ne4 32. Rxd5 Rg3 0-1

[Event "Budapest FS07 IM"]
[Site "Budapest"]
[Date "1996.??.??"]
[Round "5"]
[White "Belotelov, Denis"]
[Black "Stevanovic, Vladan S"]
[Result "0-1"]
[WhiteElo "2230"]
[BlackElo "2300"]
[PlyCount "66"]
[EventDate "1996.07.??"]
[EventType "tourn"]
[EventRounds "11"]
[EventCountry "HUN"]
[EventCategory "2"]
[SourceTitle "EXT 1997"]
[Source "ChessBase"]
[SourceDate "1996.11.15"]
[SourceVersion "1"]
[SourceVersionDate "1996.11.15"]
[SourceQuality "1"]

1. d4 Nf6 2. c4 g6 3. Nc3 Bg7 4. Bg5 0-0 5. Nf3 d6 6. e3 c6 7. Be2 Nbd7 8. Qc2 Qa5 9. a3 e5 10. b4 Qc7 11. h3 Re8 12. 0-0 Nf8 13. Rad1 Ne6 14. Bxf6 Bxf6 15. d5 Nf8 16. Qb3 Bf5 17. e4 Bd7 18. Ne1 Bg5 19. c5 dxc5 20. bxc5 cxd5 21. exd5 Qxc5 22. Ne4 Qe7 23. Bc4 b5 24. d6 bxc4 25. dxe7 cxb3 26. exf8Q+ Kxf8 27. Nxg5 Bb5 28. Nd3 e4 29. Nc5 Bxf1 30. Kxf1 Rac8 31. Ngxe4 b2 32. Nd7+ Kg7 33. Nec5 Re7 0-1

[Event "Budapest FS07 IM"]
[Site "Budapest"]
[Date "1996.??.??"]
[Round "1"]
[White "Eperjesi, Laszlo"]
[Black "Stevanovic, Vladan S"]
[Result "1/2-1/2"]
[WhiteElo "2395"]
[BlackElo "2300"]
[PlyCount "162"]
[EventDate "1996.07.??"]
[EventType "tourn"]
[EventRounds "11"]
[EventCountry "HUN"]
[EventCategory "2"]
[SourceTitle "EXT 1997"]
[Source "ChessBase"]
[SourceDate "1996.11.15"]
[SourceVersion "1"]
[SourceVersionDate "1996.11.15"]
[SourceQuality "1"]

1. d4 Nf6 2. Nf3 g6 3. c3 Bg7 4. Bg5 d5 5. Nbd2 0-0 6. e3 c5 7. Be2 Qb6 8. Qb3 Nc6 9. 0-0 c4 10. Qa3 Re8 11. b3 cxb3 12. axb3 e5 13. Nxe5 Nxe5 14. dxe5 Ne4 15. Nxe4 dxe4 16. Bf4 Bxe5 17. Bxe5 Rxe5 18. Rfd1 Be6 19. c4 Qc7 20. Rd4 b6 21. Rad1 Rc8 22. g3 h5 23. h4 Bf5 24. R1d2 a5 25. Qa1 Ree8 26. Qd1 Qe5 27. Rd6 Re6 28. R2d5 Rxd6 29. Rxd6 Rb8 30. Kg2 Be6 31. Rd4 Re8 32. Qc2 Bf5 33. Rd5 Qa1 34. Qd1 Qxd1 35. Bxd1 Kf8 36. Rb5 Rd8 37. Be2 Rd6 38. c5 bxc5 39. Rxa5 Be6 40. Bc4 Bxc4 41. bxc4 Rd1 42. Rxc5 Rc1 43. Rc7 Kg7 44. c5 Kf6 45. c6 Ke6 46. Rc8 Ke7 47. c7 Kf6 48. Re8 Rxc7 49. Rxe4 Rc2 50. Kf3 Kg7 51. Rf4 Ra2 52. e4 Ra3+ 53. Kg2 Ra2 54. Kh3 Rb2 55. f3 Rf2 56. g4 hxg4+ 57. Kxg4 Rf1 58. Kg3 Rg1+ 59. Kf2 Ra1 60. Rg4 Kf6 61. Kg3 Rh1 62. Kf4 Re1 63. Rg2 Rh1 64. Kg4 Kg7 65. Kg5 Ra1 66. f4 Ra5+ 67. f5 gxf5 68. exf5 Rb5 69. h5 f6+ 70. Kf4+ Kh7 71. Rg6 Rb4+ 72. Kf3 Rh4 73. Rxf6 Rxh5 74. Kg4 Rh1 75. Rf7+ Kg8 76. Ra7 Rh6 77. Kg5 Rb6 78. Re7 Kf8 79. Re6 Rxe6 80. fxe6 Ke7 81. Kf5 Ke8 1/2-1/2

[Event "Budapest FS07 IM"]
[Site "Budapest"]
[Date "1996.??.??"]
[Round "7"]
[White "Stevanovic, Vladan S"]
[Black "Knezevic, Bojan"]
[Result "1/2-1/2"]
[WhiteElo "2300"]
[BlackElo "2380"]
[PlyCount "39"]
[EventDate "1996.07.??"]
[EventType "tourn"]
[EventRounds "11"]
[EventCountry "HUN"]
[EventCategory "2"]
[SourceTitle "EXT 1997"]
[Source "ChessBase"]
[SourceDate "1996.11.15"]
[SourceVersion "1"]
[SourceVersionDate "1996.11.15"]
[SourceQuality "1"]

1. Nf3 c5 2. g3 Nc6 3. Bg2 e5 4. d3 g6 5. 0-0 Bg7 6. c4 Nge7 7. Nc3 d6 8. Ne1 Be6 9. Nc2 Qd7 10. Rb1 Bh3 11. Bxh3 Qxh3 12. Ne4 Qe6 13. b4 b6 14. b5 Nd8 15. Ne3 d5 16. Nc3 d4 17. Ned5 Nxd5 18. Nxd5 Qd6 19. e4 dxe3 20. fxe3 1/2-1/2

[Event "Budapest FS07 IM"]
[Site "Budapest"]
[Date "1996.??.??"]
[Round "2"]
[White "Stevanovic, Vladan S"]
[Black "Szeberenyi, Adam"]
[Result "1/2-1/2"]
[WhiteElo "2300"]
[BlackElo "2130"]
[PlyCount "122"]
[EventDate "1996.07.??"]
[EventType "tourn"]
[EventRounds "11"]
[EventCountry "HUN"]
[EventCategory "2"]
[SourceTitle "EXT 1997"]
[Source "ChessBase"]
[SourceDate "1996.11.15"]
[SourceVersion "1"]
[SourceVersionDate "1996.11.15"]
[SourceQuality "1"]

1. e4 c5 2. c3 Nf6 3. e5 Nd5 4. d4 cxd4 5. Nf3 Nc6 6. Bc4 Nb6 7. Bb3 d5 8. exd6 Qxd6 9. Na3 a6 10. Nxd4 Nxd4 11. cxd4 Be6 12. 0-0 Bxb3 13. Qxb3 e6 14. d5 Nxd5 15. Qxb7 Rb8 16. Qa7 Qb6 17. Qxb6 Rxb6 18. Nc4 Rb8 19. b3 Be7 20. Bb2 Bf6 21. Bxf6 gxf6 22. Ne3 Nxe3 23. fxe3 Ke7 24. Rf4 f5 25. Raf1 Rhf8 26. Ra4 Rb6 27. Rff4 Rc6 28. Rfc4 Rfc8 29. Rxc6 Rxc6 30. Kf2 Kf6 31. Ke2 Rc2+ 32. Kf3 Rc6 33. Rh4 Kg6 34. Ra4 Kf6 35. Ra5 h6 36. Ke2 Rc2+ 37. Kf3 Rc6 38. Ra4 Kg5 39. Kg3 Kf6 40. Kf3 Kg5 41. Ra5 h5 42. b4 Kf6 43. g3 e5 44. h3 Ke6 45. a3 f6 46. h4 Kd6 47. Ke2 Ke6 48. Kd3 Kd6 49. a4 Kc7 50. b5 axb5 51. axb5 Rc5 52. Ra6 Rxb5 53. Kc4 Rb1 54. Rxf6 Rf1 55. Kd5 e4 56. Ke5 Rf3 57. Rxf5 Rxe3 58. Rxh5 Rxg3 59. Kxe4 Kd6 60. Kf4 Rg1 61. Rh7 Ke6 1/2-1/2

[Event "Budapest FS07 IM"]
[Site "Budapest"]
[Date "1996.??.??"]
[Round "4"]
[White "Stevanovic, Vladan S"]
[Black "Todorovic, Jovan"]
[Result "1/2-1/2"]
[WhiteElo "2300"]
[BlackElo "2365"]
[PlyCount "66"]
[EventDate "1996.07.??"]
[EventType "tourn"]
[EventRounds "11"]
[EventCountry "HUN"]
[EventCategory "2"]
[SourceTitle "EXT 1997"]
[Source "ChessBase"]
[SourceDate "1996.11.15"]
[SourceVersion "1"]
[SourceVersionDate "1996.11.15"]
[SourceQuality "1"]

1. e4 c5 2. c3 e6 3. d4 d5 4. exd5 exd5 5. Nf3 Nc6 6. Be2 cxd4 7. cxd4 Bd6 8. Nc3 Nge7 9. 0-0 0-0 10. Bg5 f6 11. Bh4 Nf5 12. Bg3 Nxg3 13. hxg3 Be6 14. Qd2 Rc8 15. Rfe1 Qd7 16. Bb5 a6 17. Ba4 Bf7 18. Bb3 Bb8 19. Na4 Ba7 20. Rac1 Qd6 21. Qf4 Qxf4 22. gxf4 Rfe8 23. Rxe8+ Rxe8 24. Nc3 Nxd4 25. Nxd4 Bxd4 26. Nxd5 Kf8 27. Rc7 Re1+ 28. Kh2 Bxf2 29. Rxb7 Be6 30. Rb8+ Kf7 31. Rb7+ Kf8 32. Rb8+ Kf7 33. Rb7+ Kf8 1/2-1/2

[Event "Tivat op"]
[Site "Tivat"]
[Date "1995.??.??"]
[Round "4"]
[White "Stevanovic, Vladan S"]
[Black "Arsovic, Zoran"]
[Result "0-1"]
[WhiteElo "2310"]
[BlackElo "2430"]
[PlyCount "82"]
[EventDate "1995.??.??"]
[EventType "swiss"]
[EventRounds "11"]
[EventCountry "YUG"]
[SourceTitle "EXT 2000"]
[Source "ChessBase"]
[SourceDate "1999.11.16"]
[SourceVersion "1"]
[SourceVersionDate "1999.11.16"]
[SourceQuality "1"]

1. e4 c5 2. c3 e6 3. d4 d5 4. e5 Nc6 5. Nf3 Nge7 6. Na3 cxd4 7. cxd4 Nf5 8. Nc2 Qa5+ 9. Bd2 Qb6 10. Bc3 Be7 11. Bd3 Bd7 12. 0-0 0-0 13. Qd2 a5 14. Ne3 Nxe3 15. Qxe3 Nb4 16. Bb1 Bb5 17. Re1 a4 18. Bxb4 Bxb4 19. Bxh7+ Kxh7 20. Ng5+ Kg8 21. Qh3 Rfc8 22. Qh7+ Kf8 23. Qh8+ Ke7 24. Qxg7 Rf8 25. Qf6+ Kd7 26. Re3 Be7 27. Qf4 Bxg5 28. Qxg5 Qxd4 29. Rb1 Bc4 30. b3 axb3 31. axb3 Ra1 32. Ree1 Rxb1 33. Rxb1 Qd3 34. Qc1 Bb5 35. Ra1 Qd4 36. Qe1 Rc8 37. Rd1 Qc3 38. Qe4 Qxb3 39. Qg4 Rg8 40. Qh5 Rg6 41. Re1 Qb4 0-1